000 00338nam a2200133 i 4500
001 bg
100 1 _aZASADOWA, Hanna
245 0 _aWydawnictwa informacyjne.
_nCz. 1,
_pProblematyka ogólna /
_cHanna Zasadowa.
260 _aWarszawa,
_c1983.
040 _cBPK
041 _apol
942 _cKS
008 s pl f |000 0 pol
999 _c21936
_d21936
856 _uhttp://koha.tu.koszalin.pl/cgi-bin/koha/opac-detail.pl?biblionumber=21936
_yKatalog online BPK